[Event "HUN-chT2 Toth 0304"]
[Site "Hungary"]
[Date "2003.11.30"]
[Round "4"]
[White "Polyak, Istvan"]
[Black "Ruszin, Peter"]
[Result "1/2-1/2"]
[WhiteElo "2233"]
[BlackElo "2058"]
[PlyCount "40"]
[EventDate "2003.09.28"]
[EventType "team-tourn"]
[EventRounds "11"]
[EventCountry "HUN"]
[SourceTitle "EXT 2009"]
[Source "ChessBase"]
[SourceDate "2008.11.26"]
[SourceVersion "1"]
[SourceVersionDate "2008.11.26"]
[SourceQuality "1"]
[WhiteTeam "Takisz"]
[BlackTeam "Szarvas"]
[WhiteTeamCountry "HUN"]
[BlackTeamCountry "HUN"]

1. d4 c5 2. d5 Nf6 3. c4 d6 4. Nc3 Bf5 5. Nf3 Na6 6. Nh4 Qd7 7. f3 e5 8. e4 Bg6 9. Be2 Be7 10. Nxg6 hxg6 11. Be3 Nh5 12. Kd2 Nf4 13. Bf1 f5 14. g3 Nh5 15. Bh3 0-0-0 16. Qf1 Nf6 17. Bg5 Rh7 18. Bh4 Ng8 19. Bxe7 Nxe7 20. Bg2 Rdh8 1/2-1/2

[Event "HUN-chT2 Toth 0304"]
[Site "Hungary"]
[Date "2003.10.05"]
[Round "2"]
[White "Polyak, Istvan"]
[Black "Herpai, Jozsef"]
[Result "0-1"]
[WhiteElo "2233"]
[BlackElo "2255"]
[PlyCount "68"]
[EventDate "2003.09.28"]
[EventType "team-tourn"]
[EventRounds "11"]
[EventCountry "HUN"]
[SourceTitle "EXT 2009"]
[Source "ChessBase"]
[SourceDate "2008.11.26"]
[SourceVersion "1"]
[SourceVersionDate "2008.11.26"]
[SourceQuality "1"]
[WhiteTeam "Takisz"]
[BlackTeam "Maroczy"]
[WhiteTeamCountry "HUN"]
[BlackTeamCountry "HUN"]

1. d4 Nf6 2. c4 g6 3. Nc3 Bg7 4. e4 d6 5. Be2 0-0 6. Bg5 c6 7. Nf3 Bg4 8. 0-0 Nbd7 9. Rc1 Qc7 10. b4 a5 11. a3 axb4 12. axb4 Ra3 13. h3 Rxc3 14. hxg4 Nxe4 15. Bxe7 Re8 16. Bh4 g5 17. Bxg5 Rxc1 18. Qxc1 Nxg5 19. Qxg5 Rxe2 20. Nh4 Nf8 21. Nf5 Ng6 22. Ra1 Re8 23. g3 c5 24. bxc5 dxc5 25. Nxg7 Kxg7 26. dxc5 Re5 27. Qd2 Rxc5 28. Qd4+ f6 29. Ra7 Ne5 30. Qe3 Rxc4 31. g5 Rc1+ 32. Kg2 Qc6+ 33. f3 Qc2+ 34. Qf2 fxg5 0-1

[Event "HUN-chT2 Breyer 0203"]
[Site "Hungary"]
[Date "2003.02.16"]
[Round "7"]
[White "Leidl, Istvan Jr"]
[Black "Polyak, Istvan"]
[Result "0-1"]
[WhiteElo "2004"]
[BlackElo "2085"]
[PlyCount "112"]
[EventDate "2002.09.22"]
[EventType "team-tourn"]
[EventRounds "11"]
[EventCountry "HUN"]
[SourceTitle "EXT 2009"]
[Source "ChessBase"]
[SourceDate "2008.11.26"]
[SourceVersion "1"]
[SourceVersionDate "2008.11.26"]
[SourceQuality "1"]

1. e4 c5 2. Nf3 Nc6 3. d4 cxd4 4. Nxd4 g6 5. Nxc6 bxc6 6. Qd4 Nf6 7. e5 Qa5+ 8. Bd2 Qd5 9. Qxd5 Nxd5 10. c4 Nc7 11. Bc3 Bg7 12. Bd3 0-0 13. 0-0 Ba6 14. Rd1 Rad8 15. Nd2 d5 16. exd6 exd6 17. Ba5 Rd7 18. Rab1 Ne6 19. Be4 d5 20. cxd5 cxd5 21. Nf1 Nd4 22. Bd3 Ne2+ 23. Kh1 Bxd3 24. Rxd3 Rb8 25. b3 Rc8 26. Rbd1 d4 27. g3 Rc2 28. R1d2 Rxd2 29. Rxd2 d3 30. Rd1 Bc3 31. b4 d2 32. Kg2 Nc1 33. Nxd2 Nxa2 34. Re1 Rxd2 35. Re8+ Kg7 36. Bc7 Rd5 37. Re3 Bf6 38. Re2 Nxb4 39. Bf4 a5 40. Bd2 Nc6 41. Bc1 Rd1 42. Rc2 Nb4 43. Rc8 Rxc1 44. Rxc1 a4 45. Rc4 a3 46. Rxb4 a2 47. Rf4 a1Q 48. h4 h5 49. Kh2 Qb2 50. Kg2 Qe2 51. Rb4 Be7 52. Rf4 Bc5 53. Kg1 f6 54. Kg2 Be3 55. Rf3 Bd2 56. Rb3 Be1 0-1

[Event "HUN-chT2 Breyer 0203"]
[Site "Hungary"]
[Date "2003.01.19"]
[Round "5"]
[White "Korodi, Tibor"]
[Black "Polyak, Istvan"]
[Result "1-0"]
[WhiteElo "1801"]
[BlackElo "2085"]
[PlyCount "49"]
[EventDate "2002.09.22"]
[EventType "team-tourn"]
[EventRounds "11"]
[EventCountry "HUN"]
[SourceTitle "EXT 2009"]
[Source "ChessBase"]
[SourceDate "2008.11.26"]
[SourceVersion "1"]
[SourceVersionDate "2008.11.26"]
[SourceQuality "1"]

1. e4 c5 2. Nf3 Nc6 3. Bc4 e6 4. Nc3 g6 5. d4 cxd4 6. Nxd4 Nf6 7. Bg5 h6 8. Bh4 g5 9. Bg3 Qb6 10. Ndb5 e5 11. Nd5 Nxd5 12. Qxd5 Be7 13. Qxf7+ Kd8 14. 0-0-0 Rf8 15. Qd5 a6 16. Nd6 Qc7 17. Nf7+ Ke8 18. Bxe5 Nxe5 19. Nxe5 b5 20. Bxb5 Ra7 21. Ba4 Rb7 22. Ng6 Rf7 23. Qe6 Rb6 24. Rxd7 Qxd7 25. Bxd7+ 1-0

[Event "HUN-chT3 0102"]
[Site "Hungary"]
[Date "2002.04.21"]
[Round "11"]
[White "Mann, Gerald"]
[Black "Polyak, Istvan"]
[Result "1-0"]
[WhiteElo "2260"]
[BlackElo "2240"]
[PlyCount "65"]
[EventDate "2001.09.30"]
[EventType "team-tourn"]
[EventRounds "11"]
[EventCountry "HUN"]
[SourceTitle "EXT 2004"]
[Source "ChessBase"]
[SourceDate "2003.11.25"]
[SourceVersion "1"]
[SourceVersionDate "2003.11.25"]
[SourceQuality "1"]

1. d4 e6 2. c4 d5 3. Nc3 Nf6 4. cxd5 exd5 5. Bg5 Be7 6. e3 0-0 7. Qc2 c6 8. Bd3 Nbd7 9. Nf3 Re8 10. 0-0 Nf8 11. Rab1 Bg4 12. Ne5 Bh5 13. b4 Ne4 14. Bxe7 Qxe7 15. Nxe4 dxe4 16. Bxe4 f6 17. Bf3 fxe5 18. Bxh5 Red8 19. dxe5 Qxe5 20. Bf3 Ne6 21. a4 Ng5 22. Be2 Ne4 23. Bd3 Nf6 24. Rfd1 Rf8 25. g3 Kh8 26. Qb2 Qh5 27. Be2 Qf5 28. Rd4 Ne4 29. f3 Ng5 30. f4 Rac8 31. fxg5 Qf2+ 32. Kh1 Qxe3 33. Rf1 1-0

[Event "HUN-chT3 0102"]
[Site "Hungary"]
[Date "2002.03.03"]
[Round "8.2"]
[White "Polyak, Istvan"]
[Black "Csomos, Roland"]
[Result "1/2-1/2"]
[WhiteElo "2240"]
[BlackElo "2213"]
[PlyCount "131"]
[EventDate "2001.09.30"]
[EventType "team-tourn"]
[EventRounds "11"]
[EventCountry "HUN"]
[SourceTitle "EXT 2004"]
[Source "ChessBase"]
[SourceDate "2003.11.25"]
[SourceVersion "1"]
[SourceVersionDate "2003.11.25"]
[SourceQuality "1"]

1. d4 d5 2. c4 c6 3. cxd5 cxd5 4. Nc3 Nf6 5. Bf4 Nc6 6. e3 a6 7. Rc1 Bf5 8. Nf3 e6 9. Bd3 Bxd3 10. Qxd3 Bd6 11. Bg5 Be7 12. 0-0 0-0 13. Na4 Ne4 14. Bxe7 Qxe7 15. Nc5 f5 16. Qb3 Rf7 17. Nd3 Rff8 18. Rc2 Na5 19. Qa4 Nc4 20. Rfc1 a5 21. Nfe5 Ned6 22. Qd7 Qxd7 23. Nxd7 Rfd8 24. N7c5 Kf7 25. Nf4 Re8 26. Ncd3 g5 27. Ne2 Rac8 28. b3 Na3 29. Rc7+ Rxc7 30. Rxc7+ Re7 31. Ne5+ Ke8 32. Rc5 Nab5 33. a4 Nc7 34. Rxa5 Na6 35. Nd3 Rc7 36. Nc5 Nb4 37. Ra8+ Ke7 38. f3 Nc2 39. Kf2 Kf6 40. Rd8 Ke7 41. Rh8 Kf6 42. g3 Nb4 43. Rb8 Nc6 44. Rf8+ Ke7 45. Rg8 Kf6 46. h4 gxh4 47. gxh4 Nb4 48. Nf4 e5 49. Nh5+ Ke7 50. Rg7+ Nf7 51. a5 f4 52. Rxh7 fxe3+ 53. Kxe3 Nc2+ 54. Kf2 Nxd4 55. b4 Nc6 56. Nd3 e4 57. fxe4 dxe4 58. Nc5 Nxb4 59. Nxe4 Kf8 60. Nf4 Rc6 61. Ng5 Rf6 62. Kg3 Kg8 63. Nfe6 Nxg5 64. Nxg5 b6 65. axb6 Rxb6 66. Rd7 1/2-1/2

[Event "HUN-chT3 0001"]
[Site "Hungary"]
[Date "2000.10.29"]
[Round "1.1"]
[White "Reiss, Attila"]
[Black "Polyak, Istvan"]
[Result "0-1"]
[WhiteElo "2155"]
[BlackElo "2240"]
[PlyCount "72"]
[EventDate "2000.10.29"]
[EventType "team-tourn"]
[EventRounds "11"]
[EventCountry "HUN"]
[SourceTitle "EXT 2007"]
[Source "ChessBase"]
[SourceDate "2006.11.23"]
[SourceVersion "1"]
[SourceVersionDate "2006.11.23"]
[SourceQuality "1"]

1. c4 e6 2. g3 Nf6 3. Bg2 d5 4. Nf3 Be7 5. 0-0 0-0 6. Qc2 d4 7. d3 c5 8. e4 dxe3 9. fxe3 Nc6 10. a3 Qc7 11. b3 b6 12. Bb2 Ng4 13. Qe2 Bb7 14. Nbd2 Rad8 15. Rab1 Rd7 16. Ne4 f5 17. Neg5 Qd6 18. Rfd1 h6 19. Nh3 e5 20. d4 cxd4 21. exd4 e4 22. Ne1 Bf6 23. Nc2 Ne7 24. Nf2 Nxf2 25. Qxf2 Bg5 26. d5 Ng6 27. Nd4 Ne5 28. Nxf5 Nf3+ 29. Qxf3 exf3 30. Nxd6 Be3+ 31. Kh1 fxg2+ 32. Kxg2 Rf2+ 33. Kh3 Rxd6 34. Re1 Bc8+ 35. g4 Rf3+ 36. Kg2 Bxg4 0-1